O komunikatívnosti v literárnej výchove

Bibliographic Details
Main Author: Obert, Viliam, 1940-2005 (Author)
Format: Article
Language:Slovak

MARC

LEADER 00000nab a2200000ua 4500
001 vtls010844667
003 SK-MaSNL
005 20260303144124.0
008 230222s1994 xo |||||||||||||||||slo|
035 |a (urnnbn)urn:nbn:sk:snk:ar-a073f2 
035 |a urn:nbn:sk:snk-ab66gy 
035 |a (uuid)bec4257c-344f-4a3f-8839-5ae873c806a8 
040 |a SNKBUCL  |b slo  |c SNKBUCL  |e AACR2 
041 0 |a slo 
044 |a xo  |c SK 
100 1 |a Obert, Viliam,  |d 1940-2005  |4 aut  |9 103681 
245 1 0 |a O komunikatívnosti v literárnej výchove  |c Viliam Obert 
773 0 |t Pedagogické spektrum : časopis pre pedagogickú teóriu, školskú prax, politiku výchovy a vzdelávania  |g Roč. 3, č. 2 (1994), s. 22-25 
954 |a odborná, vedecká literatúra pôvodná (slovenská)  |2 lita 
958 |a OND 
958 |a EUIPO 
958 |a article5 
999 |c 1994608  |d 1996538